| 000 | 00939cam a2200277 i 4500 | ||
|---|---|---|---|
| 001 | 2246653 | ||
| 003 | NUST-PNEC | ||
| 005 | 20170116180707.0 | ||
| 008 | 770114s1977 maua b 001 0 eng | ||
| 010 | _a 77000501 | ||
| 020 |
_a089006055X _c$23.00 |
||
| 040 | _cPNEC | ||
| 050 | 0 | 0 |
_aQC338.5.R3 _bE95 |
| 082 | 0 | 0 | _a539.202 EVA |
| 100 | 1 |
_aEvans, G., _d1923- |
|
| 245 | 1 | 0 |
_aRF radiometer handbook / _cG. Evans, C. W. McLeish. |
| 260 |
_aDedham, Mass. : _bArtech House, _cc1977. |
||
| 300 |
_a152 p. : _bill. ; _c24 cm. |
||
| 500 | _aIncluding Indes: http://www.amazon.fr/Frequency-Radiometer-Handbook-Charles-McLeish/dp/089006055X/ref=sr_1_1?ie=UTF8&qid=1411805003&sr=8-1&keywords=089006055X | ||
| 504 | _aIncludes bibliographical references and index. | ||
| 610 | _xEL | ||
| 650 | 0 | _aRadiometers. | |
| 700 | 1 |
_aMcLeish, C. W., _d1915- _ejoint author. |
|
| 906 |
_a7 _bcbc _corignew _d1 _eocip _f19 _gy-gencatlg |
||
| 942 |
_2ddc _cBK |
||
| 999 |
_c60775 _d60775 |
||